Adaptace podniků v transformačním procesu

Salvato in:
Dettagli Bibliografici
Autore principale: Barnet, Miloš
Altri autori: Chlumský, Jiří
Natura: Libro
Lingua:ceco
Pubblicazione: Praha Ústřední ústav národohospodářského výzkumu 1992
Edizione:1. vyd.
Serie:Studijně rozborové a informační materiály
Soggetti:
Tags: Aggiungi Tag
Nessun Tag, puoi essere il primo ad aggiungerne!!

MARC

LEADER 00000nam a2200000 4500
001 c005511
005 20221214085217.3
041 0 |a cze 
044 |a CZ 
245 1 0 |a Adaptace podniků v transformačním procesu  |c Miloš Barnet, Jiří Chlumský 
250 |a 1. vyd. 
264 1 |a Praha  |b Ústřední ústav národohospodářského výzkumu  |c 1992 
300 |a 22 s. 
490 1 |a Studijně rozborové a informační materiály 
830 0 |a Studijně rozborové a informační materiály 
610 2 0 |a informácie 
610 2 0 |a ČSFR 
610 2 0 |a adaptácia 
610 2 0 |a podnik 
610 2 0 |a transformácia 
610 2 0 |a zisk podnikový 
610 2 0 |a účinnosť ekonomická 
610 2 0 |a dane 
610 2 0 |a úrok 
610 2 0 |a aktivita pracovná 
610 2 0 |a výkonnosť 
610 2 0 |a vývoz 
610 2 0 |a likvidita 
610 2 0 |a ukazovatele ekonomické 
610 2 0 |a údaje štatistické 
100 1 |a Barnet, Miloš 
700 1 |a Chlumský, Jiří